000 01225nam a2200337Ia 4500
001 dia_6321
003 CHAP
005 20251021155221.0
008 220117s1977 xx 000 0 und d
010 _a177799
040 _cCHAP
082 _a658.152 B54 1977
100 _aBierman, Harold
_9162202
245 _aEl presupuesto de bienes de capital : la toma de decisiones /
_c Harold Bierman y Seymour Smidt ; traducción Eduardo L. Suárez
260 _aMéxico :
_b Fondo de Cultura Económica,
_c1977
300 _a462 p.
440 0 _aSección de Obras de Economía (Fondo de Cultura Económica)
_9103503
500 _aTítulo original: The capital budgeting decision: economic analysis and financing of investment projects
503 _aD.
590 _aHD52 B54 1977
650 _aCapital budget
_9162203
650 _aCapital investments
_9162204
650 _aInversiones de capital
_9162205
650 _aPresupuestos de gastos de capital
_9162206
700 _aSmidt, Seymour, coaut.
_9153987
700 _aSuárez, Eduardo L., tr.
_9138931
901 _a658.152 B54 1977
902 _aA
905 _a5232271977 mx mn 8222223322spa16
942 _cLIBRO
_2ddc
999 _c177799
_d177799